000 00633nam a2200229Ia 4500
003 OSt
005 20221007082138.0
006 a|||||r|||| 00| 0
007 ta
008 221006b |||||||| |||| 00| 0 eng d
024 _a28,413
037 _cTextual
040 _aFLL
_cFLL
_beng
041 _2eng
_aeng
082 _aZ73,81, L8
100 _aMiller Arthur Selwyn
245 0 _aSupreme Court myth and reality
260 _aWestport
_bContributions in American Studies Connecticut
_c1978
300 _axvii,388p
_ccm.
942 _hZ73,81, L8
_cTEXL
_2CC
999 _c1165473
_d1165473